Criações com papel (Registo nº 86)

Detalhes MARC
000 -Etiqueta do registo
Cabeçalho 00716cam a2200301 4500
005 - Identificador da versão
Campo de controlo 20240813121754.0
095 ## -
-- PTBN00086978
010 ## - Número internacional normalizado dos livros (ISBN)
Número (ISBN) 8440117140
035 ## - Other System Control Numbers
System Control Number 0000090
System Control Number 0000090
System Control Number 0000090
System Control Number 0000090
100 ## - Dados gerais de processamento
Dados gerais de processamento 19870301d1987 m y0pory5003 ba
102 ## - Pais de publicação ou produção
País de publicação Portugal
101 1# - Língua de publicação
Língua do texto, banda sonora, etc. Português
Língua do documento no original Espanhol
215 ## - Descrição física 
Indicação específica da natureza do documento e extensão da espécie 160 p.
Outras indicações físicas il.
Dimensões 29 cm
200 1# - Titulo e menção de responsabilidade
Título próprio Criações com papel
Primeira menção de responsabilidade [editado por Altea]
225 2# - Colecção 
Título próprio da colecção Trevo de 4 folhas
Indicação de volume 1
205 ## - Menção da edição
Menção da edição 1ª ed
210 ## - Publicação, Distribuição, etc. 
Lugar da edição, distribuição, etc. Lisboa
Nome do editor, distribuidor, etc. Vértice
Data da publicação, distribuição, etc. 1987
606 ## - Nome comum usado como assunto
Número de registo de entrada de autoridade 0000180
Palavra de ordem Tecnologias
675 ## - Classificação Decimal Universal (CDU)
Notação 745
Edição med
Língua da edição por
712 00 - Nome de colectividade-autor (responsabilidade secundária)
Número de registo de entrada de autoridade 0000182
Palavra de ordem Altea
Código de função Editor literário / Coordenador
942 ## - Elementos de entrada adicionados (Koha)
Tipo de item no Koha Livro
Exemplares
Situação do levantamento Origin of item (home branch) (coded) Biblioteca de empréstimo Código de barras Cota Circulation type (not for loan) Tipo de documento Nota do exemplar Damaged status
  Biblioteca Escolar Eng. Nuno Mergulhão Biblioteca Escolar Eng. Nuno Mergulhão BENM142 745   Livro Sem mensagem